000 00324nam a2200109Ia 4500
008 221009s9999 xx 000 0 und d
082 _a891.431
100 _aप्रियदर्शी
245 0 _aगीत के नए चरण
260 _bसाहित्‍य कला केन्‍द्र
942 _cBK
999 _c64626
_d64626